| 000 | 00547nam a22001457a 4500 | ||
|---|---|---|---|
| 999 |
_c478306 _d478306 |
||
| 003 | NUST | ||
| 008 | 180521b ||||| |||| 00| 0 eng d | ||
| 020 | _a978-9810235901 | ||
| 082 | _a327.174 | ||
| 245 |
_aSecurity, Cooperation and Disarmament _bThe Unfinished Agenda for 1990S, Proceedings of the 46th Pugwash Conference _cJoseph Rotblat |
||
| 260 |
_bWorld Scientific Pub Co Inc; _c1998 |
||
| 300 | _b640 p | ||
| 650 |
_aPolitics & Social Sciences, Politics & Government,International & World Politics , Arms Control _910373 |
||
| 942 |
_2ddc _cBK |
||